000 00316nam a2200133Ia 4500
005 20260328101504.0
008 260328s9999||||xx |||||||||||||| ||und||
100 _aSegawa, Hugo
245 0 _aOswaldo Arthur Bratke /
_cHugo Segawa
260 _bPro Editores
300 _a323 p.
650 _aARQUITECTOS
942 _cBK
999 _c8986
_d8986